000 00284nam a2200121Ia 4500
008 220204s9999 xx 000 0 und d
082 _a546.171
_bSLA
245 0 _aAmmonia. Pt 4
260 _aNew York
_bDekker
_c1979
700 _aJames, Russell
700 _aSlack, A V
942 _cBK
999 _c36397
_d36397